Ecological experiments with model systems (Registro nro. 9147)

Detalles MARC
000 -CABECERA
Campo de control 004020000a22001450004500
090 ## - CLASIFICACIÓN LOCAL
Colección AR
Consecutivo 00044
041 0# - IDIOMA
Código de idioma para texto/pista de sonido o título separado
100 1# - ASIENTO PRINCIPAL--NOMBRE PERSONAL
Nombre personal Lawton, John H.
245 10 - MENCION DE TITULO
Título Ecological experiments with model systems
650 14 - ASIENTO SECUNDARIO DE MATERIA - TERMINO TEMATICO
Término temático o nombre geográfico como elemento de entrada Métodos de investigación
650 14 - ASIENTO SECUNDARIO DE MATERIA - TERMINO TEMATICO
Término temático o nombre geográfico como elemento de entrada Modelación ecológica
650 14 - ASIENTO SECUNDARIO DE MATERIA - TERMINO TEMATICO
Término temático o nombre geográfico como elemento de entrada Ecología
773 1# - Item fuente:
Título Science
Especificación de materiales 685
Paginas del Articulo 328-331
Lugar, editorial y fecha de publicación 1995
Información sobre la relación 269
942 ## - ELEMENTOS ADICIONALES (KOHA)
Tipo de ítem Artículo
Existencias
Withdrawn status Lost status Sistema de Clasificación Damaged status No para préstamo Colección Ubicación Permanente Ubicación actual Fecha de adquisición Total Checkouts Número topográfico Inventario / Código de Barras Date last seen Ejemplar Price effective from Tipo de material
    Dewey Decimal Classification   No para Préstamo Hemeroteca Bogotá Bogotá 27/02/2015   AR 00044 Fuera de circulación 010265 25/03/2015 1 25/03/2015 Artículo